Ekonomický rozmer životného prostredia v doprave
Ochrana životného prostredia a environmentálne problémy. Stratégia internalizácie negatívnych externalít z dopravy. Využitie daní v rámci platnej daňovej sústavy. Využitie nových environmentálnych daní - poplatkov. Nástroje umožňujúce riadenie dopravy so zámerom minimalizovať negatívne externality....
Salvato in:
| Autore principale: | |
|---|---|
| Natura: | Capitolo di libro |
| Lingua: | slovacco |
| Soggetti: | |
| Tags: |
Nessun Tag, puoi essere il primo ad aggiungerne!!
|
MARC
| LEADER | 00000naa$a2200000$$$4500 | ||
|---|---|---|---|
| 001 | 0086707 | ||
| 005 | 20221128124258.8 | ||
| 041 | 0 | |a slo | |
| 044 | |a SK | ||
| 245 | 1 | 0 | |a Ekonomický rozmer životného prostredia v doprave |c Eva Romančíková |
| 520 | |a Ochrana životného prostredia a environmentálne problémy. Stratégia internalizácie negatívnych externalít z dopravy. Využitie daní v rámci platnej daňovej sústavy. Využitie nových environmentálnych daní - poplatkov. Nástroje umožňujúce riadenie dopravy so zámerom minimalizovať negatívne externality. Nástroje internalizácie jednotlivých druhov dopravy - cestná, železničná, vodná, letecká doprava. | ||
| 610 | 2 | 0 | |a ochrana prostredia životného |
| 610 | 2 | 0 | |a doprava |
| 610 | 2 | 0 | |a externality |
| 610 | 2 | 0 | |a opatrenia |
| 100 | 1 | |a Romančíková, Eva | |